Promoting mental health awareness (Record no. 121240)

MARC details
000 -LEADER
fixed length control field 00805nas a22001937a 4500
001 - CONTROL NUMBER
control field K121240
007 - PHYSICAL DESCRIPTION FIXED FIELD--GENERAL INFORMATION
fixed length control field ta
008 - FIXED-LENGTH DATA ELEMENTS--GENERAL INFORMATION
fixed length control field 200325b2020 ||||| |||| 00| 0 eng d
041 ## - LANGUAGE CODE
Language code of text/sound track or separate title eng
245 ## - TITLE STATEMENT
Title Promoting mental health awareness
260 ## - PUBLICATION INFORMATION
Date 2020
490 ## - SERIES TITLE
Series statement RICS Modus
Volume March 2020, 36-37(2)
520 ## - ABSTRACT
Abstract Three experts advise on how companies can support their staff with mental health issues. Advise comes from JO Grant, Mental Health Project Coordinator at RICS charity Lionheart, Michael Holden, who runs a small firm of chartered surveyors in the north-west and Dave Vernon, senior project manager at construction consultant Edge.
650 ## - KEYWORDS
Keywords MENTAL HEALTH
650 ## - KEYWORDS
Keywords HUMAN RESOURCES
650 ## - KEYWORDS
Keywords PEOPLE MANAGEMENT
651 ## - SUBJECT ADDED ENTRY--GEOGRAPHIC NAME
Geographic name United Kingdom
690 ## - LOCAL SUBJECT ADDED ENTRY--TOPICAL TERM (OCLC, RLIN)
9 (RLIN) 6226
Topical term or geographic name as entry element Business and management
Holdings
Withdrawn status Lost status Damaged status Koha normalized classification for sorting Not for loan Home library Current library Shelving location Date acquired Total Checkouts Full call number Date last seen Price effective from Koha item type
      ONLINE   Virtual Virtual Online 25/03/2020   ONLINE 25/03/2020 25/03/2020 Journal article